| 000 | 01021cam a2200241 4500 | ||
|---|---|---|---|
| 001 | J122932 | ||
| 008 | 030326n2002 000 0 eng u | ||
| 035 | _a(Sirsi) u122932 | ||
| 041 | _aeng. | ||
| 050 |
_a621 _c18 |
||
| 110 |
_aAssociation of Consulting Engineers _91225 |
||
| 245 |
_aACE Agreement A(2) 2002 Mechanical & Electrical Engineeering Services _bLead Consultant |
||
| 260 |
_aLondon _bACE _c2002 |
||
| 300 |
_a34p. _c31cm. |
||
| 350 | _a24 | ||
| 520 | _aThis agreement is intended for use when appointing a consulting engineer as lead consultant for the provision of mechanical and electrical services. It should be used in conjunction with the guidance document A/B - 'ACE Agreements 2002 guidance' - a copy of which is included in the folder containing the agreement. | ||
| 650 | _aELECTRICAL ENGINEERING CONTRACTS | ||
| 650 | _aMECHANICAL ENGINEERING CONTRACTS | ||
| 650 | _aCONSULTING ENGINEERS | ||
| 650 | _aLEAD CONSULTANTS | ||
| 690 | _aBUILDING AND CONSTRUCTION-ENGINEERING | ||
| 942 | _n0 | ||
| 999 |
_c102958 _d102958 |
||